[Event "Astral Open"]
[Site "Bucharest ROM"]
[Date "2001.04.23"]
[Round "2"]
[White "Istratescu,A"]
[Black "Sebe,R"]
[Result "1-0"]
[WhiteElo "2561"]
[BlackElo "2271"]

1.d4 Nf6 2.c4 e6 3.Nf3 b6 4.Nc3 Bb7 5.Bg5 Bb4 6.Qb3 c5 7.O-O-O Bxc3 8.Qxc3 Ne4
9.Bxd8 Nxc3 10.bxc3 Kxd8 11.d5 Ke7 12.e4 Rd8 13.Bd3 f6 14.h4 d6 15.h5 Nd7
16.Be2 Ne5 17.Nd2 Nf7 18.dxe6 Ng5 19.Rde1 Nxe6 20.g3 Rh8 21.Bg4 Rae8 22.Nf1 Kf7
23.f3 Nc7 24.Rd1 Rd8 25.Ne3 Ne8 26.Rd2 Rg8 27.Kb2 g6 28.hxg6+ hxg6 29.Rh7+ Rg7
30.Rh8 Bc8 31.f4 Rg8 32.Rh1 Bxg4 33.Nxg4 Ke7 34.Rh7+ Rg7 35.Rh8 Rd7 36.Rxe8+ Kxe8
37.Nxf6+ Kd8 38.Nxd7 Rxd7 39.Kc2 Kc7 40.Rh2 Kc6 41.a4 a6 42.Kd3 b5 43.axb5+ axb5
44.cxb5+ Kxb5 45.g4 Rf7 46.f5 gxf5 47.c4+ Kc6 48.exf5 Ra7 49.g5  1-0

[Event "FSIMB May"]
[Site "Budapest HUN"]
[Date "2001.05.10"]
[Round "6"]
[White "Eperjesi,L"]
[Black "Wang Shuai"]
[Result "1-0"]
[WhiteElo "2303"]
[BlackElo "2156"]

1.d4 Nf6 2.Nf3 e6 3.c4 b6 4.Nc3 Bb7 5.g3 Bb4 6.Bd2 O-O 7.Bg2 d5 8.cxd5 exd5
9.O-O Re8 10.Rc1 c5 11.Bg5 Nbd7 12.a3 Bxc3 13.Rxc3 h6 14.Bxf6 Nxf6 15.dxc5 Ne4
16.Rc2 bxc5 17.Nd2 Nxd2 18.Qxd2 Qb6 19.Rd1 Re5 20.b4 c4 21.Qd4 Rae8 22.e3 Qa6
23.Rc3 Qa4 24.Rd2 g6 25.h3 a5 26.Qa7 d4 27.Rxd4 Bxg2 28.Kxg2 Qc6+ 29.Kh2 Rf5
30.Rc2 axb4 31.axb4 Qf6 32.Rf4 Rc8 33.Qd7 Rd8 34.Rxf5 gxf5 35.Qc7 Rd1 36.Qc8+ Kg7
37.Qxc4 Rb1 38.Rd2 Qe7 39.Qd4+ Kh7 40.Qd5 Qf6 41.b5 Kg7 42.Rd4  1-0

[Event "ch-LTU"]
[Site "Kaunas LTU"]
[Date "2001.05.11"]
[Round "2"]
[White "Piesina,G"]
[Black "Butnorius,A"]
[Result "1-0"]
[WhiteElo "2389"]
[BlackElo "2435"]

1.d4 Nf6 2.Nf3 e6 3.c4 b6 4.Nc3 Bb4 5.Qb3 c5 6.Bf4 d5 7.dxc5 bxc5 8.O-O-O Bxc3
9.Bxb8 Qb6 10.Bg3 Bb4 11.e3 O-O 12.Bd3 Ba6 13.Ne5 Rab8 14.Kb1 Rfc8 15.a3 Ba5
16.Qxb6 axb6 17.cxd5 b5 18.dxe6 fxe6 19.Nc6 Rxc6 20.Bxb8 c4 21.Bc2 b4 22.axb4 Bxb4
23.Rd8+ Kf7 24.Ba4 Rb6 25.Ba7 Rb7 26.Rb8 Rxa7 27.Rxb4 Nd5 28.Rb8 c3 29.e4 Nf4
30.bxc3 Rc7 31.Bb5 Bxb5 32.Rxb5 Nxg2 33.Kc2 Nf4 34.Rhb1 Kf6 35.Rb7 Rc4 36.R1b4 Rc5
37.R7b5 Rc8 38.Kd2 g5 39.Rb8 Rc6 40.R8b6 Rc8 41.R4b5 Rd8+ 42.Kc2 Rd3 43.Rf5+  1-0

[Event "XXVI Elekes Mem IM"]
[Site "Budapest HUN"]
[Date "2001.05.30"]
[Round "10"]
[White "Petran,Pa"]
[Black "Somogyi,I"]
[Result "1/2-1/2"]
[WhiteElo "2392"]
[BlackElo "2243"]

1.d4 Nf6 2.c4 e6 3.Nf3 b6 4.Nc3 Bb7 5.Bg5 Be7 6.Rc1 O-O 7.e3 c5 8.Be2 d6
9.O-O Nbd7 10.Qc2 Rc8 11.Rfd1 cxd4 12.Nxd4 a6 13.Bh4 Qc7 14.b3 Rfe8 15.Bg3 Bf8
16.Qb2 Nc5 17.f3 Qb8 18.b4 Ncd7 19.Nb3 Nh5 20.Bf2 Nhf6 21.a3 Ne5 22.Nd2 d5
23.cxd5 exd5 24.Nf1 Nc4 25.Bxc4 Rxc4 26.Ne2 b5 27.Nd2 Rxc1 28.Rxc1 Bd6 29.Nf1 Rc8
30.Bg3 Rc4 31.Nd2 Rxc1+ 32.Qxc1 Bxg3 33.hxg3 Nd7 34.Qc3 Ne5 35.Kf2 Nc4 36.Nxc4 dxc4
37.Qd4 Qc7 38.Nc3 h6 39.e4 Bc6 40.e5 a5 41.Qc5 axb4 42.axb4 Qd7 43.Ne2 Qb7
44.Nd4 Bd7 45.g4 g6 46.Kg3 Qb8 47.f4 Qb7 48.Qd6 Bxg4 49.Nxb5  1/2-1/2

[Event "IHEM"]
[Site "Hamburg GER"]
[Date "2001.06.10"]
[Round "9"]
[White "Klarner,W"]
[Black "Dave,Shr"]
[Result "1/2-1/2"]
[WhiteElo "2197"]
[BlackElo "2134"]

1.d4 Nf6 2.c4 e6 3.Nf3 b6 4.Nc3 Bb7 5.g3 d5 6.cxd5 Nxd5 7.Bg2 Be7 8.O-O O-O
9.Bd2 c5 10.dxc5 Bxc5  1/2-1/2

[Event "White Nights"]
[Site "St Petersburg RUS"]
[Date "2001.06.16"]
[Round "8"]
[White "Vulfson,V"]
[Black "Korotylev,A"]
[Result "0-1"]
[WhiteElo "2412"]
[BlackElo "2554"]

1.d4 Nf6 2.c4 e6 3.Nf3 b6 4.Nc3 Bb7 5.a3 g6 6.Qc2 Bxf3 7.gxf3 Nc6 8.e3 Bg7
9.f4 Ne7 10.Bd3 c5 11.dxc5 bxc5 12.Ne2 O-O 13.Bd2 Rb8 14.Bc3 Rb6 15.Rg1 Qa8
16.e4 d5 17.e5 Nh5 18.Ba5 Rb7 19.Bd2 Rfb8 20.Rb1 Rb3 21.Ng3 Nxg3 22.Rxg3 Qb7
23.cxd5 Nxd5 24.Ba6 Rxb2 25.Bxb7 Rxc2 26.Rgb3 c4 27.Rb5 Nc3 28.Bxc3 Rxc3
29.Ba6 Rxb5 30.Rxb5 Rxa3 31.Rb8+ Bf8 32.Bxc4 Rf3 33.Ke2 Rxf4 34.Bd3 Kg7 35.f3 a5
36.Kf2 Rd4 37.Be4 a4 38.Ra8 a3 39.Kg3 Rd2 40.Bc6 Bc5 41.Bb5 Bg1  0-1

[Event "Homenaje a la Bandera"]
[Site "Rosario ARG"]
[Date "2001.06.18"]
[Round "6"]
[White "Lebredo,G"]
[Black "Slipak,S"]
[Result "1/2-1/2"]
[WhiteElo "2311"]
[BlackElo "2448"]

1.d4 Nf6 2.c4 e6 3.Nf3 b6 4.Nc3 Bb4 5.g3 Bb7 6.Bg2 O-O 7.O-O Na6 8.Na4 Be7
9.a3 c5 10.dxc5 bxc5 11.Bf4 d6 12.Nc3 Qb6 13.Rb1 Rfd8 14.b4 cxb4 15.axb4 Ne4
16.Nb5 d5 17.Be3 Qc6 18.Nfd4 Qd7 19.Bxe4 dxe4 20.Qa4 e5 21.Nb3 Bxb4 22.Na5 Bxa5
23.Qxa5 f5 24.Nc3 Qf7 25.Qxe5 Bc6 26.Nb5  1/2-1/2

[Event "Homenaje a la Bandera"]
[Site "Rosario ARG"]
[Date "2001.06.18"]
[Round "7"]
[White "Monier,R"]
[Black "Zarnicki,P"]
[Result "0-1"]
[WhiteElo "2410"]
[BlackElo "2487"]

1.d4 Nf6 2.c4 e6 3.Nf3 b6 4.Nc3 Bb4 5.e3 c5 6.Bd3 O-O 7.O-O Bb7 8.Na4 cxd4
9.a3 Bd6 10.exd4 Bxf3 11.Qxf3 Nc6 12.Be3 e5 13.dxe5 Nxe5 14.Qd1 Qc7 15.h3 Rfe8
16.Rc1 Rac8 17.b4 Nxd3 18.Qxd3 Bh2+ 19.Kh1 Bf4 20.Bxf4 Qxf4 21.c5 bxc5 22.Rxc5 Rxc5
23.Nxc5 d6 24.Nb7 Re6 25.Kg1 h5 26.Nd8 Re7 27.Nc6 Re6 28.a4 d5 29.Nd4 Re4
30.Rd1 g5 31.g3 Qd6 32.Qd2 Re5  0-1

[Event "TCh-Europe Boys U18"]
[Site "Balatonlelle HUN"]
[Date "2001.06.22"]
[Round "1"]
[White "Szeberenyi,A"]
[Black "Krivousas,T"]
[Result "1/2-1/2"]
[WhiteElo "2418"]
[BlackElo "2131"]

1.d4 Nf6 2.c4 e6 3.Nf3 b6 4.Nc3 Bb7 5.a3 d5 6.cxd5 Nxd5 7.Qc2 Nf6 8.e4 c5
9.Bb5+ Bc6 10.Qa4 Qc8 11.d5 Bd7 12.O-O Be7 13.dxe6 fxe6 14.Rd1 O-O 15.Bxd7 Nfxd7
16.Qc4 Qc6 17.Bg5 Bf6 18.Bxf6 Rxf6 19.Rd2 a6 20.Rad1 b5 21.Qe2 Nf8 22.e5 Rf7
23.Rd6 Qb7 24.Ng5 Re7 25.Qg4 Nc6 26.Qe4 Na5 27.Rd8 Rxd8 28.Rxd8 Qxe4 29.Ncxe4 h6
30.Nf3 Rd7 31.Rxd7 Nxd7 32.Nd6 Nc6 33.Ne8 Ncxe5 34.Nxe5 Nxe5 35.Nc7 Nc4 36.Nxa6 Nxb2
37.Nxc5 Kf7 38.Kf1 Nc4 39.a4 bxa4  1/2-1/2

[Event "Narciso Yepes"]
[Site "Lorca ESP"]
[Date "2001.06.29"]
[Round "8"]
[White "Lalic,B"]
[Black "Zlotnik,B"]
[Result "1-0"]
[WhiteElo "2501"]
[BlackElo "2410"]

1.d4 e6 2.Nf3 Nf6 3.c4 b6 4.Nc3 Bb4 5.Qb3 c5 6.Bg5 O-O 7.e3 d6 8.Bd3 Nbd7
9.O-O Bxc3 10.Qxc3 Bb7 11.Nd2 Qc7 12.Rfd1 Rac8 13.Rac1 Rfe8 14.b4 Qb8 15.Qb3 Qa8
16.f3 d5 17.bxc5 bxc5 18.cxd5 Bxd5 19.Qb2 Rb8 20.Qa1 cxd4 21.e4 Bc6 22.Qxd4 Bb5
23.Nc4 e5 24.Qf2 Re6 25.Ne3 h6 26.Bh4 Bxd3 27.Rxd3 Rc8 28.Rcd1 Qc6 29.Nf5 Kh7
30.Bxf6 Nxf6 31.Qxa7 Qb6+ 32.Qxb6 Rxb6 33.Rb3 Ra6 34.Rd2 g6 35.Ne3 Rc1+ 36.Kf2 Ra1
37.Rbb2 Kg7 38.Nc4 Re6 39.Rb7 Kf8 40.Rb5 Ra6 41.a3 Rc1 42.Nxe5 Ne8 43.Rb7 Nd6
44.Rd7 Rc5  1-0

[Event "ch-SWE"]
[Site "Linkoping SWE"]
[Date "2001.06.30"]
[Round "1"]
[White "Eriksson,A"]
[Black "Agrest,E"]
[Result "0-1"]
[WhiteElo "2335"]
[BlackElo "2532"]

1.d4 e6 2.c4 Nf6 3.Nf3 b6 4.Nc3 Bb4 5.Qb3 a5 6.e3 O-O 7.Bd3 Bb7 8.a3 a4 9.Qc2 Bxc3+
10.bxc3 d6 11.e4 Nfd7 12.O-O e5 13.Bg5 Qe8 14.Nd2 Nc6 15.Be3 Nf6 16.f3 Nh5
17.c5 bxc5 18.dxc5 Na5 19.cxd6 cxd6 20.Rab1 Bc6 21.Nc4 Nxc4 22.Bxc4 Qe7 23.Rb6 Qc7
24.Rxc6 Qxc6 25.Bd5 Qc7 26.Bxa8 Rxa8 27.Rb1 h6 28.c4 Nf6 29.Qd3 Rc8 30.Rb4 Qc6
31.h3 Kh7 32.Qc2 Ra8 33.Kh2 Ra6 34.c5 Nd7 35.Rc4 dxc5 36.Bxc5 Nxc5 37.Rxc5 Qf6
38.Qc1 Rd6 39.Rc4 Qh4 40.Rxa4  0-1

[Event "ch-SWE"]
[Site "Linkoping SWE"]
[Date "2001.07.05"]
[Round "6"]
[White "Hillarp Persson,T"]
[Black "Carlsson,P"]
[Result "1-0"]
[WhiteElo "2443"]
[BlackElo "2330"]

1.d4 e6 2.Nf3 Nf6 3.c4 b6 4.Nc3 Bb4 5.Bg5 Bb7 6.Nd2 h6 7.Bh4 Bxc3 8.bxc3 d6
9.a4 c5 10.a5 Nbd7 11.Qa4 Rc8 12.f3 d5 13.e3 O-O 14.cxd5 exd5 15.Bf2 cxd4
16.cxd4 Rc3 17.a6 Ba8 18.Qb4 Qc7 19.Rd1 Rc1 20.Bd3 Rxd1+ 21.Kxd1 Re8 22.Nb1 b5
23.Nc3 Nb8 24.Nxb5 Qb6 25.Kd2 Nxa6 26.Qa3 Bc6 27.Rb1 Bxb5 28.Rxb5 Qe6 29.Rb7 Nb8
30.Rxa7 g6 31.Ra8 Nbd7 32.Bb5 Rxa8 33.Qxa8+ Kg7 34.Qc6 Qe7 35.Qc3 Qd8 36.Bg3 Qb6
37.Bd3 Qa7 38.Qb2 Qa5+ 39.Ke2 Qa7 40.Bd6 Qa8 41.g4 Qc6 42.Bg3 Kh7 43.h3 Kg7
44.Kf1 Kh7 45.Bf2 Nb6 46.Qc2 Qe6 47.Kg2 h5 48.g5 Ne8 49.e4 Nd6 50.Qc6 Ndc8
51.Qxe6 fxe6 52.Bg3 Kg7 53.Kf2 Kf7 54.Ke2 Ne7 55.Bb5 Nbc8 56.Bb8 Ng8 57.Bc6 Nge7
58.Bd7 Nb6 59.Bb5 Nbc8 60.Kd3 Ng8 61.Kc3 Ke7 62.Bd3 Kf7 63.Kb4 Nb6 64.Bd6 Nc8
65.Bc7 Na7 66.Kc5 Ne7 67.Bc2 dxe4 68.fxe4 Nec8 69.Ba4 Ke7 70.Be5 h4 71.Bf6+ Kf7  1-0

[Event "FSIMB July"]
[Site "Budapest HUN"]
[Date "2001.07.06"]
[Round "5"]
[White "Dub,Z"]
[Black "Pedersen,NV"]
[Result "0-1"]
[WhiteElo "2280"]
[BlackElo "2382"]

1.d4 Nf6 2.Nf3 e6 3.c4 b6 4.Nc3 Bb7 5.a3 d5 6.cxd5 Nxd5 7.e3 g6 8.Bb5+ c6
9.Bd3 Bg7 10.e4 Nxc3 11.bxc3 Ba6 12.Bxa6 Nxa6 13.O-O O-O 14.Bf4 Qd7 15.Qd2 Rfc8
16.Rad1 c5 17.Bh6 Bh8 18.Qf4 cxd4 19.cxd4 Qe7 20.d5 e5 21.Qg4 Nc5 22.Rfe1 Nb7
23.Rd3 Nd6 24.h4 Rc4 25.Nd2 Rc2 26.h5 Rac8 27.hxg6 hxg6 28.Rh3 R8c3 29.Nf3 Bf6
30.a4 a6 31.Rb1 b5 32.axb5 axb5 33.Ra1 Qd8 34.Ra7 Qc8 35.Qxc8+ Rxc8 36.Bg5 Kg7
37.Bh6+ Kg8 38.Bg5 Bxg5 39.Nxg5 R2c7 40.Ra6 Rd7 41.Rb3 f6 42.Ne6 Nxe4 43.Rc6 Ra8
44.Rc7 Rxc7 45.Nxc7 Ra1+ 46.Kh2 Nxf2 47.Rxb5 Rd1 48.Rb6 Ne4 49.Nb5 Rxd5 50.Rb7 Nc5
51.Rc7 Ne6 52.Rc8+ Kg7 53.Nc7 Nxc7 54.Rxc7+ Kh6 55.Kg3 Rd3+ 56.Kf2 Kg5 57.Rh7 Rd4
58.Kf3 e4+ 59.Kg3 f5 60.Rh4 Rd3+  0-1

[Event "FSIMA July"]
[Site "Budapest HUN"]
[Date "2001.07.10"]
[Round "9"]
[White "Petran,Pa"]
[Black "Moloney,N"]
[Result "1-0"]
[WhiteElo "2388"]
[BlackElo "2208"]

1.d4 Nf6 2.c4 e6 3.Nf3 b6 4.Nc3 Bb7 5.a3 d5 6.Bg5 Be7 7.e3 O-O 8.Rc1 Nbd7
9.cxd5 exd5 10.Bd3 a6 11.O-O c5 12.Qe2 Re8 13.Rfd1 g6 14.Bb1 c4 15.Ne5 Nh5
16.Bxe7 Qxe7 17.g4 Nxe5 18.dxe5 Qxe5 19.gxh5 Qg5+ 20.Kf1 d4 21.Rxd4 Qg2+
22.Ke1 Bf3 23.Qf1 Qxh2 24.Be4 Qh4 25.Bxa8 Rxa8 26.Qxc4 Qh2 27.Rf4 Rf8 28.Ne2 gxh5
29.Rxf3 Qh1+ 30.Ng1 Qxg1+ 31.Ke2 Qg5 32.Rd1 Qe5 33.Rd4 b5 34.Qd5 Qc7 35.Qd6 Qc2+
36.Rd2 Qc4+ 37.Qd3 Qg4 38.Qd4 Qe6 39.Rf6 Qh3  1-0

[Event "16th Maccabia GM"]
[Site "Tel Aviv ISR"]
[Date "2001.07.19"]
[Round "5"]
[White "Porat,S"]
[Black "Alekseev,E"]
[Result "1/2-1/2"]
[WhiteElo "2230"]
[BlackElo "2544"]

1.d4 Nf6 2.c4 e6 3.Nf3 b6 4.Nc3 Bb4 5.Qc2 Bb7 6.a3 Bxc3+ 7.Qxc3 Ne4 8.Qc2 O-O
9.g3 d6 10.Bg2 Nf6 11.O-O Nbd7 12.Rd1 Be4 13.Qc3 d5 14.b4 dxc4 15.Qxc4 Qc8
16.Bh3 c5 17.dxc5 bxc5 18.bxc5 Qxc5 19.Qxc5 Nxc5 20.Bb2 Nb3 21.Ra2 Rfd8 22.Re1 Rac8
23.Bg2 Rd5 24.Bxf6 gxf6 25.Rb2 Rc3 26.Nh4 Bxg2 27.Nxg2 Ra5 28.Rd1 Rxa3 29.Rd8+ Kg7
30.Nf4 f5 31.Rd7 Kf8 32.e3 a5 33.Ne2 Rc4 34.Nd4 a4 35.Kg2 Nc5 36.Rc7 Rac3
37.Rb8+ Kg7 38.Ra8 Ne4 39.Nxe6+ Kf6 40.Rxc4 Rxc4 41.Nd4 Nc5 42.Ra5 Ke5 43.Kf3 h6
44.h3 h5 45.Ra7 f6 46.Ra5 Rc3 47.Ne2 Rc2 48.Nd4 Rc4 49.h4 Rc3 50.Ne2 Rc2
51.Nd4 Rc4 52.Ra7 Rc3 53.Ra5 Rc4 54.Ra7 Rc1 55.Ra5 Rc4  1/2-1/2

[Event "MTO"]
[Site "Biel SUI"]
[Date "2001.07.23"]
[Round "1"]
[White "Montavon,G"]
[Black "Huss,A"]
[Result "0-1"]
[WhiteElo "2097"]
[BlackElo "2332"]

1.d4 Nf6 2.c4 e6 3.Nf3 b6 4.Nc3 Bb4 5.a3 Bxc3+ 6.bxc3 Bb7 7.e3 O-O 8.Bd3 Ne4
9.Bb2 f5 10.h4 d6 11.Qe2 Nd7 12.Rh3 h6 13.h5 Ndf6 14.Nh4 Ng5 15.Rh1 Nfe4
16.Rh2 c5 17.O-O-O Rc8 18.Kb1 Rf7 19.Rg1 cxd4 20.exd4 d5 21.cxd5 Bxd5 22.Rc1 Rfc7
23.Qe1 Qd6 24.Rh1 Qf4 25.f3 Nd2+ 26.Ka1 Nb3+ 27.Kb1 Nd2+ 28.Ka1 Nb3+ 29.Kb1 Nxc1
30.Bxc1 Qd6 31.Bb2 b5 32.Qd1 Rxc3 33.Bxc3 Rxc3 34.Bc2 Qxa3 35.Re1 Ba2+  0-1

[Event "ch-Paris Open"]
[Site "Paris FRA"]
[Date "2001.07.26"]
[Round "6"]
[White "Guedon,S"]
[Black "Salaun,Y"]
[Result "0-1"]
[WhiteElo "2234"]
[BlackElo "2405"]

1.d4 Nf6 2.c4 e6 3.Nf3 b6 4.Nc3 Bb7 5.Bg5 Be7 6.Qc2 c5 7.dxc5 bxc5 8.e3 Nc6
9.Be2 O-O 10.O-O Nh5 11.Bxe7 Qxe7 12.Rad1 Rfd8 13.Rd2 Nf6 14.Rfd1 Rab8 15.h3 h6
16.Ne1 d5 17.Nf3 Nb4 18.Qb1 Ne4 19.Nxe4 dxe4 20.Ne1 Rxd2 21.Rxd2 Rd8 22.Rxd8+ Qxd8
23.a3 Nc6 24.Qd1 Qb6 25.Qc2 a5 26.Bd1 Qd8 27.Qc1 Ne5 28.Ba4 Bc6 29.Bxc6 Nxc6
30.f4 exf3 31.Nxf3 Qd3 32.Qd2 Qxc4 33.Qd6 Qd5 34.Qc7 e5 35.Qc8+ Kh7 36.Qf5+ g6
37.Qf6 e4 38.Nh2 Ne5 39.h4 h5 40.Nf1 Ng4 41.Qc3 Qf5 42.Qd2 a4 43.Ng3 Qe5
44.Nf1 Qf6 45.g3 Qf3 46.Qe1 Qf6 47.Qd2 Kh6 48.Qg2 Qe5 49.Qe2 Qf6 50.Qg2 Qb6
51.Qc2 Qb5 52.Qc3 f6 53.Qd2 Ne5 54.Qc2 Qc4 55.Qf2 Kg7 56.Kg2 Nd3 57.Qd2 Qb3
58.Qc3 Qxb2+ 59.Qxb2 Nxb2 60.Nd2 f5 61.Kf1 Kf6 62.Ke2 Ke5 63.Nb1 Kd5 64.Kd2 Nc4+
65.Kc2 Nb6 66.Kd2 Kc4 67.Kc2 Nd5 68.Nd2+ Kb5 69.Nf1 c4  0-1

[Event "MTO"]
[Site "Biel SUI"]
[Date "2001.07.27"]
[Round "5"]
[White "Schwartz,Y"]
[Black "Becker,Mart"]
[Result "1-0"]
[WhiteElo "2281"]
[BlackElo "2134"]

1.d4 Nf6 2.c4 e6 3.Nf3 b6 4.Nc3 Bb4 5.Bg5 Bb7 6.e3 h6 7.Bh4 g5 8.Bg3 Ne4
9.Qc2 Bxc3+ 10.bxc3 Nxg3 11.hxg3 d6 12.Nd2 Nd7 13.Rh2 h5 14.Be2 Nf6 15.O-O-O Qe7
16.Rdh1 g4 17.Qa4+ Qd7 18.Qxd7+ Kxd7 19.Kc2 c5 20.Bd3 Rhg8 21.e4 e5 22.d5 Rae8
23.Re1 Kc7 24.Rhh1 Rg7 25.Re3 Rh8 26.Be2 Bc8 27.Bd3 Ba6 28.Ree1 Bc8 29.Nf1 Rgh7
30.Rh4 Nd7 31.Ne3 Nf8 32.Reh1 Bd7 33.Be2 f6 34.R4h2 Be8 35.f3 gxf3 36.gxf3 Bg6
37.Kd2 Kd8 38.Bf1 Rg7 39.Ke2 Ke7 40.Bh3 Kd8 41.Bg4 Rgh7 42.Bf5 Bxf5 43.exf5 Ke7
44.Nf1 Ke8 45.Nd2 Kd8 46.Ne4 Ke7 47.Rh4 a6 48.a4 a5 49.Kf2 Rh6 50.g4 R6h7
51.Rxh5 Rxh5 52.Rxh5 Rxh5 53.gxh5 Nh7 54.Kg3 Nf8 55.Kg4 Nd7 56.h6 Nf8 57.Kh4 Nh7
58.Kg4 Nf8 59.Kh5  1-0

[Event "7th Stage Russian Cup"]
[Site "Togliatty RUS"]
[Date "2001.08.08"]
[Round "1"]
[White "Akhmetov,A"]
[Black "Kniazev,A"]
[Result "1-0"]
[WhiteElo "2466"]
[BlackElo "2243"]

1.d4 Nf6 2.c4 e6 3.Nf3 b6 4.Nc3 Bb4 5.e3 Bxc3+ 6.bxc3 O-O 7.Bd3 Bb7 8.Qc2 d6
9.e4 h6 10.O-O Nc6 11.Rb1 Nd7 12.Be3 Qe7 13.Nd2 Na5 14.Nb3 Nc6 15.f4 Ba6
16.Rf3 f6 17.Rg3 Kh8 18.Rf1 e5 19.Qd2 Rf7 20.Rff3 Nf8 21.Rh3 Nh7 22.Rfg3 Nd8
23.Rh5 Rf8 24.Qe2 Nf7 25.Nd2 exf4 26.Bxf4 g5 27.Be3 Rae8 28.h4 Bc8 29.Bc2 Rg8
30.hxg5 fxg5 31.Nf3 c5 32.e5 Rg7 33.Nxg5 Nfxg5 34.Rxh6 Nh3+ 35.Kh2 Reg8 36.Rxg7 Rxg7
37.exd6 Qf7 38.gxh3 Bb7 39.d5 Bc8 40.Qf2 Qe8 41.Bxh7 Rxh7 42.Qf6+  1-0

[Event "FSIMA August"]
[Site "Budapest HUN"]
[Date "2001.08.09"]
[Round "6"]
[White "Kummer,Hel"]
[Black "Moloney,N"]
[Result "1/2-1/2"]
[WhiteElo "2386"]
[BlackElo "2208"]

1.d4 Nf6 2.c4 e6 3.Nf3 b6 4.Nc3 Bb7 5.Bg5 Bb4 6.e3 h6 7.Bh4 Qe7 8.Bd3 Bxc3+
9.bxc3 d6 10.Qe2 Nbd7 11.e4 e5 12.Nd2 g5 13.Bg3 Nf8 14.c5 Ng6 15.Bb5+ Kf8
16.c6 Bc8 17.d5 Kg7 18.Ba6 Bxa6 19.Qxa6 Nxe4 20.Nxe4 f5 21.Nd2 f4 22.Ne4 Qf7
23.Qd3 Ne7 24.O-O-O a5 25.a4 fxg3 26.hxg3 Raf8 27.f3 Nf5 28.Kc2 Ne7 29.Kb2 Qg6
30.g4 Rf4 31.Ka3 Rff8 32.Qd2 Rf4 33.Qd3 Rff8 34.Rh2 Rf4 35.Rdh1 Rff8 36.Rh5 Ng8
37.Qd2 Nf6 38.Nxf6 Rxf6 39.Kb3 Rf4 40.Qe3 Qf7 41.Qd3 Qg6 42.Qe3 Qf7 43.Qd3  1/2-1/2

[Event "7th Stage Russian Cup"]
[Site "Togliatty RUS"]
[Date "2001.08.09"]
[Round "2"]
[White "Popov,Val"]
[Black "Chuiko,A"]
[Result "1-0"]
[WhiteElo "2559"]
[BlackElo "2414"]

1.d4 Nf6 2.c4 e6 3.Nf3 b6 4.Nc3 Bb7 5.a3 d5 6.cxd5 Nxd5 7.Qc2 Nd7 8.e4 Nxc3
9.bxc3 c5 10.Bb5 a6 11.Bd3 Qc7 12.Qb1 Be7 13.O-O O-O 14.a4 Rab8 15.Be3 b5
16.axb5 axb5 17.Ra7 c4 18.Bc2 Qb6 19.Ra2 g6 20.h4 Ra8 21.Rb2 Ra5 22.h5 Ba3
23.Ra2 Rfa8 24.Rd1 Be7 25.d5 Qc7 26.Rxa5 Rxa5 27.dxe6 fxe6 28.hxg6 hxg6 29.Nd4 Nc5
30.Nxb5 Qb6 31.Nd4 Qxb1 32.Rxb1 Bxe4 33.Bxe4 Nxe4 34.Nc6 Nxc3  1-0

[Event "ch-AUT women"]
[Site "Mureck AUT"]
[Date "2001.08.10"]
[Round "4"]
[White "Unger,E"]
[Black "Schwaninger,U"]
[Result "1/2-1/2"]
[WhiteElo "2177"]
[BlackElo "2045"]

1.d4 Nf6 2.c4 e6 3.Nc3 b6 4.Nf3 Bb4 5.a3 Bxc3+ 6.bxc3 Ba6 7.e3 O-O 8.Be2 d5
9.Nd2 Nbd7 10.cxd5 Bxe2 11.Qxe2 exd5 12.c4 c5 13.Bb2 Re8 14.O-O Rc8 15.cxd5 Nxd5
16.Qf3 N5f6 17.Rac1 Qe7 18.dxc5 Rxc5 19.Rxc5 Qxc5 20.Rc1 Ne5 21.Qe2 Qd6 22.Nc4 Qd3
23.Qxd3 Nxd3 24.Rd1 Nxb2 25.Nxb2 Rc8 26.f3 Kf8 27.Rd2 Rc3 28.Rd3 Rc2 29.Nd1 Ke7
30.Kf1 Nd7 31.e4 Ne5 32.Rc3 Rd2 33.Ne3 Kd7 34.Ke1 Ra2 35.h4 b5 36.f4 Nc6
37.h5 g6 38.hxg6 hxg6 39.g4 b4 40.axb4 Nxb4 41.g5 a5 42.Nc4 a4 43.f5 gxf5
44.exf5 Rg2  1/2-1/2

[Event "7th Stage Russian Cup"]
[Site "Togliatty RUS"]
[Date "2001.08.10"]
[Round "3"]
[White "Simachev,V"]
[Black "Iliushkin,E"]
[Result "0-1"]
[WhiteElo "2135"]
[BlackElo "2296"]

1.d4 Nf6 2.Nf3 e6 3.c4 b6 4.Nc3 Bb7 5.Bg5 h6 6.Bxf6 Qxf6 7.a3 d6 8.e4 Nd7
9.Be2 g5 10.d5 Bg7 11.h3 Nc5 12.Rc1 a5 13.b4 axb4 14.axb4 Qxc3+ 15.Rxc3 Bxc3+
16.Nd2 Nxe4 17.O-O Nxd2 18.Qc2 Bxb4 19.Rd1 O-O-O 20.Ra1 Rhe8 21.Bh5 exd5
22.Qf5+ Kb8 23.cxd5 Re7 24.Qf6 Rde8 25.Bxf7 Re1+ 26.Rxe1 Rxe1+ 27.Kh2 Nf1+
28.Kg1 Nd2+ 29.Kh2 Nf1+ 30.Kg1 Ne3+ 31.Kh2 Nxd5 32.Qxh6 Bd2 33.h4 Bf4+ 34.g3 Nf6
35.Qh8+ Ka7 36.gxf4 gxf4  0-1

[Event "7th Stage Russian Cup"]
[Site "Togliatty RUS"]
[Date "2001.08.10"]
[Round "3"]
[White "Murzin,L"]
[Black "Kniazev,A"]
[Result "1/2-1/2"]
[WhiteElo "2403"]
[BlackElo "2243"]

1.d4 Nf6 2.Nf3 b6 3.c4 e6 4.Nc3 Bb7 5.Bg5 Bb4 6.Qb3 c5 7.a3 Ba5 8.Rd1 h6
9.Bh4 Na6 10.d5 exd5 11.cxd5 d6 12.e3 Nc7 13.Bc4 a6 14.a4 Qe7 15.O-O Bb4
16.e4 O-O-O 17.Rfe1 g5 18.Bg3 Nh5 19.Nd2 Nxg3 20.fxg3 f6 21.Be2 Kb8 22.Nc4 Ka7
23.Bg4 h5 24.Bf5 Ne8 25.Ra1 Ng7 26.Rf1 Nxf5 27.Rxf5 Bc8 28.Rf2 h4 29.gxh4 Rxh4
30.Raf1 Rh6 31.Na2 a5 32.Nc3 Rdh8 33.Nb5+ Kb8 34.g3 Bh3 35.Rd1 Qxe4 36.Nbxd6 Qe7
37.Qf3 Qd7 38.Qd3 Bg4 39.Rdf1 Bh3 40.Ra1 Ka7 41.Nb5+ Kb7 42.Rd1 Bg4 43.Rc1 Rd8
44.Qe4 Bh3 45.d6+ Qc6 46.Re2 Qxe4 47.Rxe4 Rd7 48.Rc2 Bf5 49.Re7 Rh7 50.Rce2 Kc6
51.R2e3 Bc2 52.b3 Bb1 53.Re8 Rb7 54.Rc8+ Kd5 55.Rc7 Bg6 56.Ree7 Rxe7 57.dxe7 Rxc7
58.Nxc7+ Kd4 59.e8=Q Bxe8 60.Nxe8 Kc3 61.Nxb6 Kxb3 62.Nd6 Bc3 63.Ndc4 g4
64.Kg2 Kb4 65.Ne3 Bd2 66.Nec4 Bc3 67.h4 gxh3+ 68.Kxh3 f5 69.Kg2 Bg7 70.Kf3 Bh6
71.Nd6 Bg5 72.Ke2 Bd8 73.Ndc4 Bc7 74.Kf3 Bb8 75.Ne3 Kb3 76.Nd7 Bxg3 77.Nxc5+ Kb4
78.Nd3+ Kxa4 79.Kxg3 Kb3 80.Kf4 a4  1/2-1/2

[Event "FSIMB August"]
[Site "Budapest HUN"]
[Date "2001.08.12"]
[Round "9"]
[White "Dearing,E"]
[Black "Schneider Zinner,H"]
[Result "0-1"]
[WhiteElo "2274"]
[BlackElo "2329"]

1.d4 e6 2.Nf3 Nf6 3.c4 b6 4.Nc3 Bb7 5.Bg5 h6 6.Bh4 Be7 7.e3 Ne4 8.Bxe7 Qxe7
9.Nxe4 Bxe4 10.Nd2 Bb7 11.Qg4 O-O 12.O-O-O d5 13.h4 Nd7 14.Rh3 c5 15.Rg3 f5
16.Qf4 Kh8 17.Nf3 dxc4 18.dxc5 Bxf3 19.gxf3 Nxc5 20.Qxc4 Rac8 21.Kb1 Ne4
22.fxe4 Rxc4 23.Bxc4 fxe4 24.Rg4 Rxf2 25.a3 b5 26.Bb3 Qf6 27.Rd4 Rh2 28.Rf4 Qg6
29.Bc2  0-1

[Event "7th Stage Russian Cup"]
[Site "Togliatty RUS"]
[Date "2001.08.12"]
[Round "5"]
[White "Akselrod,V"]
[Black "Kniazev,A"]
[Result "1/2-1/2"]
[WhiteElo "2415"]
[BlackElo "2243"]

1.d4 Nf6 2.Nf3 b6 3.c4 e6 4.Nc3 Bb7 5.Bg5 Be7 6.Bxf6 Bxf6 7.e4 d6 8.Bd3 Nd7
9.Qc2 a6 10.Ne2 c5 11.d5 Qe7 12.O-O g6 13.a4 O-O 14.Qd2 Rab8 15.Rad1 e5 16.g4 Bg7
17.Ng3 Bc8 18.h3 Nf6 19.b3 h6 20.Kg2 Nh7 21.Rde1 Rb7 22.Qe2 a5 23.Rh1 Ra7
24.Reg1 Bf6 25.Kf1 Kh8 26.Ke1 Bg5 27.Kd1 Ra8 28.Kc2 Bd7 29.Kb1 Bf4 30.Qc2 Ng5
31.Nxg5 hxg5 32.Ne2 Qf6 33.Qc3 Kg7 34.Qe1 Rh8 35.Nc3 Rh4 36.Kc2 Rah8 37.Qf1 Kf8
38.Qg2 Ke7 39.Qf3 R8h7 40.Bf1 Qh8 41.Bg2 Qf6 42.Ne2 Rh8 43.Ra1 R8h7 44.Rhb1 Rh8
45.Qc3 Rc8 46.Ng1 Rh7 47.Nf3 Qg7 48.Ne1 Qf6 49.Nd3 Rhh8 50.Rh1 Rh4 51.Kb2 Rh7
52.Rhd1 Rhh8 53.Ne1 Rh4 54.Rd3 Qg7 55.Rf3 Qh8 56.Nd3 Rh7 57.Re1 Qf6 58.Rg1 Rh4
59.Kc2 Rh7 60.Qa1 Rh4 61.Bf1 Rb8 62.Bg2 Rc8 63.Re1 Rb8 64.Qc3 Rc8 65.Ra1 Rhh8
66.Ne1 Rh7 67.Bf1 Qh8 68.Ng2 Qg7 69.Re1 Kf8 70.Be2 Re8 71.Rd3 Qf6 72.Rh1 Ke7
73.Rf3 Qg7 74.Rd3 Qf6 75.Bd1 Rc8 76.Nxf4 gxf4 77.Rg1  1/2-1/2

[Event "It"]
[Site "Kladovo YUG"]
[Date "2001.08.14"]
[Round "2"]
[White "Ivanisevic,I"]
[Black "Maksimovic,B"]
[Result "1-0"]
[WhiteElo "2550"]
[BlackElo "2464"]

1.d4 Nf6 2.c4 e6 3.Nf3 b6 4.Nc3 Bb4 5.Qb3 a5 6.Bf4 Ne4 7.e3 Nc6 8.Bd3 a4
9.Qc2 Nxc3 10.bxc3 Be7 11.Bxh7 g5 12.Be5 Nxe5 13.Nxe5 Bf6 14.Be4 Ra5 15.f4 gxf4
16.exf4 Ba6 17.O-O Qe7 18.Bd3 Bb7 19.c5 d6 20.Nc4 Ra6 21.Nxd6+ cxd6 22.Bxa6 dxc5
23.Qxa4+ Kf8 24.Bxb7 Qxb7 25.dxc5 bxc5 26.Rab1  1-0

[Event "It"]
[Site "Kladovo YUG"]
[Date "2001.08.15"]
[Round "3"]
[White "Maksimovic,B"]
[Black "Crisan,A"]
[Result "0-1"]
[WhiteElo "2464"]
[BlackElo "2635"]

1.d4 Nf6 2.c4 e6 3.Nf3 b6 4.Nc3 Bb4 5.Bg5 Bb7 6.e3 c5 7.Bd3 cxd4 8.exd4 h6
9.Bh4 Bxf3 10.Qxf3 Nc6 11.Qe3 Ng4 12.Bxd8 Nxe3 13.fxe3 Bxc3+ 14.bxc3 Rxd8
15.Kd2 Rc8 16.Rab1 Ke7 17.Rhf1 Na5 18.Rb4 d6 19.e4 Rc7 20.Rfb1 Rhc8 21.Ra4 e5
22.Rb5 Kf6 23.Rd5 Ke6 24.Rdxa5 bxa5 25.Rxa5 Rb8 26.Kc1 Rcb7 27.c5 dxc5 28.Rxc5 f6
29.Ra5 exd4 30.cxd4 Rb4 31.d5+ Ke5 32.Rxa7 Rc8+ 33.Kd2 Kd4 34.Ra3 Rb2+ 35.Kd1 Rc3
36.Rxc3 Kxc3  0-1

[Event "7th Stage Russian Cup"]
[Site "Togliatty RUS"]
[Date "2001.08.15"]
[Round "8"]
[White "Akhmetov,A"]
[Black "Loginov,Va"]
[Result "1-0"]
[WhiteElo "2466"]
[BlackElo "2507"]

1.d4 Nf6 2.c4 e6 3.Nf3 b6 4.Nc3 Bb7 5.e3 d5 6.Bd3 Nbd7 7.O-O Bd6 8.Qc2 O-O
9.cxd5 exd5 10.Nb5 Ne4 11.Nxd6 cxd6 12.Bd2 f5 13.Rfc1 Rf7 14.Qc7 Nf8 15.Qxd8 Rxd8
16.Be1 Ne6 17.a4 g5 18.a5 f4 19.Ra3 h5 20.axb6 axb6 21.Rb3 g4 22.Nd2 f3 23.Rxb6 N6g5
24.Nxe4 dxe4 25.Bc4 d5 26.Bb5 fxg2 27.Rg6+ Rg7 28.Rxg7+ Kxg7 29.Kxg2 Kg6
30.Rc7 Ba8 31.Bd7 Rb8 32.Rc8 Rxb2 33.Rxa8 Rb1 34.Rg8+ Kf6 35.Rxg5 Kxg5 36.Ba5 Rb8
37.Bc7 Rf8 38.Bd6 Ra8 39.Bc6 Ra5 40.Bc7 Ra1 41.Bxd5  1-0